Πάτα για να φτιάξεις τη σημαία #1 - Statistics

General Stats
  • This quiz has been taken 5 times
  • The average score is 19 of 25
Answer Stats
Hint Extra Hint Explanation Answer % Correct
Κάντε κλικ στη σωστή σημαία Λίβανος
100%
Κάντε κλικ στη σωστή σημαία Μπουτάν
100%
Κάντε κλικ στη σωστή σημαία Πορτογαλία
100%
Κάντε κλικ στη σωστή σημαία Ουγκάντα
100%
Κάντε κλικ στη σωστή σημαία Αλγερία
100%
Κάντε κλικ στη σωστή σημαία Ιράν
100%
Κάντε κλικ στη σωστή σημαία Μαυριτανία
100%
Κάντε κλικ στη σωστή σημαία Μεξικό
75%
Κάντε κλικ στη σωστή σημαία Καναδάς
75%
Κάντε κλικ στη σωστή σημαία Ανδόρρα
75%
Κάντε κλικ στη σωστή σημαία Λεσότο
75%
Κάντε κλικ στη σωστή σημαία Μάλτα
75%
Κάντε κλικ στη σωστή σημαία Παπούα Νέα Γουινέα
75%
Κάντε κλικ στη σωστή σημαία Aργεντινή
75%
Κάντε κλικ στη σωστή σημαία Άγιος Βικέντιος και Γρεναδίνες
75%
Κάντε κλικ στη σωστή σημαία Αίγυπτος
75%
Κάντε κλικ στη σωστή σημαία Μαυροβούνιο
75%
Κάντε κλικ στη σωστή σημαία Εκουαδόρ
75%
Κάντε κλικ στη σωστή σημαία Αιθιοπία
50%
Κάντε κλικ στη σωστή σημαία Σερβία
50%
Κάντε κλικ στη σωστή σημαία Σλοβακία
50%
Κάντε κλικ στη σωστή σημαία Ανγκόλα
50%
Κάντε κλικ στη σωστή σημαία Γουατεμάλα
50%
Κάντε κλικ στη σωστή σημαία Ερυθραία
50%
Κάντε κλικ στη σωστή σημαία Άγιος Μαρίνος
50%
No matching quizzes found
Score Distribution
Percent of People with Each Score
Percentile by Number Answered
Your Score History
You have not taken this quiz